<?xml version="1.0" encoding="UTF-8"?><?xml-stylesheet type="text/xsl" href="static/style.xsl"?><OAI-PMH xmlns="http://www.openarchives.org/OAI/2.0/" xmlns:xsi="http://www.w3.org/2001/XMLSchema-instance" xsi:schemaLocation="http://www.openarchives.org/OAI/2.0/ http://www.openarchives.org/OAI/2.0/OAI-PMH.xsd"><responseDate>2026-06-01T10:19:07Z</responseDate><request verb="GetRecord" identifier="oai:riuma.uma.es:10630/20971" metadataPrefix="marc">https://riuma.uma.es/rest/oai/request</request><GetRecord><record><header><identifier>oai:riuma.uma.es:10630/20971</identifier><datestamp>2026-02-03T11:53:42Z</datestamp><setSpec>com_10630_2254</setSpec><setSpec>col_10630_37959</setSpec></header><metadata><record xmlns="http://www.loc.gov/MARC21/slim" xmlns:dcterms="http://purl.org/dc/terms/" xmlns:doc="http://www.lyncode.com/xoai" xmlns:xsi="http://www.w3.org/2001/XMLSchema-instance" xsi:schemaLocation="http://www.loc.gov/MARC21/slim http://www.loc.gov/standards/marcxml/schema/MARC21slim.xsd">
   <leader>00925njm 22002777a 4500</leader>
   <datafield ind2=" " ind1=" " tag="042">
      <subfield code="a">dc</subfield>
   </datafield>
   <datafield ind2=" " ind1=" " tag="720">
      <subfield code="a">Marcuello, Oroel</subfield>
      <subfield code="e">author</subfield>
   </datafield>
   <datafield ind2=" " ind1=" " tag="260">
      <subfield code="c">2021</subfield>
   </datafield>
   <datafield ind2=" " ind1=" " tag="520">
      <subfield code="a">Δεῖ γοῦν ἡμᾶς, διδασκάλους ὄντας τε καὶ βουλομενους προσενέγκειν -καθ' ὅσον δυνάμεθα- τὰ ἄριστα διδάγματα τοῖς ἡμετέροις μαθηταῖς, τοῦτό περ διανοεῖσθαι τε καὶ βασανίζειν· ποῖόν τι βιβλίον Ἀθήναζε ἐστίν; τί μὲν ἐπιδίδωσι τῷ μαθεῖν βουλομένῳ, τί δὲ μή; ἅμα, οὐκ ἄν λάθοι ἡμῖν τῶν ἐξετάσεων τοῦ πανεπιστημείου. Οἴσω οὖν ἐς μέσον ἐν ταύτῃ τῇ ἀκροάσει τὰ ἐμοῦ νενομισμένα, πεποιημένα τε καὶ πεπειραμένα πρὸς πάντα ταῦτα, μάλιστα δὴ πρὸς τὸ ἀναγιγνώσκειν τὰ τοῦ Ξενοφῶντος.</subfield>
   </datafield>
   <datafield ind1="8" ind2=" " tag="024">
      <subfield code="a">https://hdl.handle.net/10630/20971</subfield>
   </datafield>
   <datafield tag="653" ind2=" " ind1=" ">
      <subfield code="a">Griego</subfield>
   </datafield>
   <datafield tag="653" ind2=" " ind1=" ">
      <subfield code="a">Lenguas clásicas</subfield>
   </datafield>
   <datafield ind2="0" ind1="0" tag="245">
      <subfield code="a">“Οὐ μή κρύψω πρὸς ὅντινα βούλομαι ἀφικέσθαι. De Athenaze a la prueba de Griego para el acceso a la Universidad”</subfield>
   </datafield>
</record>
</metadata></record></GetRecord></OAI-PMH>